Gaming Quiz

Random Gaming or Mythology Quiz

Castlevania SotN: Reverse Colosseum Enemies Quiz Stats

 Plays Quiz not verified by Sporcle

Score 0/8 Timer 01:00
0 Plays Today
% Correct
Minotaur
93.5%
White Dragon
88.3%
Fake
Trevor
85.7%
Stone Skull
84.4%
Fake
Sypha
83.1%
Azaghal
81.8%
Werewolf
75.3%
Fake
Grant
66.2%

You're not logged in!

Compare scores with friends on all Sporcle quizzes.
OR
Log In

Sporcle TV

Today on Sporcle TV


Watch our educational content, quiz creation guides, and fun videos on Sporcle TV.

Show Comments

Extras

Top Quizzes Today


Score Distribution

Your Account Isn't Verified!

In order to create a playlist on Sporcle, you need to verify the email address you used during registration. Go to your Sporcle Settings to finish the process.

Report this User

Report this user for behavior that violates our Community Guidelines.

Details: